00787 2200313 4500001002100000005001500021035002500036090001400061245002800075260003100103300003000134007000300164008004100167020002200208040001700230082001200247084001400259100002400273650002000297850001200317990001800329990001800347990001800365990001800383990001800401990001800419990001800437990001800455YOGYA00000000003604820211018085531 a0010-081400000035766 a813 IND v10aVibe ku /cIndarto Dono3 aJakarta :bGrasindo,c2005 avii, 183 halaman ;c20 cmta130823s2005 jki g ind d a978-979-759-219-6 aYOPDYOGbind04222a813 a813 IND v0 aIndarto Donod1974- 4aFiksi Indonesia aYOPDYOG a39527-PD/A.08 a39528-PD/A.08 a39528-PD/A.08 a39527-PD/A.08 a39528-PD/A.08 a39527-PD/A.08 a39528-PD/A.08 a39527-PD/A.08